01438cam a22004454i 4500003000900000005001700009008004100026020001500067035002700082040003300109082001800142245011500160264005800275300005600333336002100389337002500410338002300435490006700458504002800525505006800553526000900621526000900630526000900639526000900648526000900657526000900666526000800675526000800683526000800691526000800699526000800707526000800715630002800723650003000751650007000781650004900851700002500900700003300925710003400958PE-LiUPU20250731184528.0150623s1995 xxua rb 000 0 eng d a094354937X a(Sirsi) i9780943549378 aPE-LiUPUbspacPE-LiUPUerda04a933bB56322100aBethsaida :ba city by the north shore of the sea of Galilee /ceditor general, Rami Arav y Richard A. Freund. 1aMissouri :bThomas Jefferson University Press,c1995. a337 páginas :bilustraciones ;c23 centímetros. atext2rdacontent aunmediated2rdamedia avolume2rdacarrier0 aThe Bethsaida excavations project reports & Contextual studies aIncluye bibliografía.0 aArchaeology and geology of Bethsaida. -Literature of Bethsaida. aP136 aP135 aP134 aP133 aP144 aP143 aP87 aP35 aP20 aP14 aP10 aP06 aBibliaxAntigüedades.04aBetsaida (Ciudad extint).04aExcavaciones (Arqueología)zIsrael - Betsaida (Ciudad extinta).04aRabínica literaturaxHistoria y crítica.1 aArav, Rami,eeditor.1 aFreund, Richard A.,eeditor.2 aBethsaida Excavations Project